000 00960cam a22003253a 4500
001 39059
003 PGUSA
005 20140828083849.0
008 120305s2012||||xxu|||||s|||||000 1 eng d
040 _aPGUSA
_beng
042 _adc
050 4 _aPQ
100 1 _aVerne, Jules,
_d1828-1905
245 1 0 _aKapteeni Grantin löytyminen
_h[electronic resource] /
_cJules Verne
260 _bProject Gutenberg,
_c2012
506 _aPublic domain in the USA.
516 _aElectronic text
653 _aSeafaring life -- Fiction
653 _aOcean travel -- Fiction
653 _aSouth America -- Fiction
653 _aVoyages and travels -- Fiction
653 _aShip captains -- Fiction
653 _aNew Zealand -- Fiction
653 _aAustralia -- Fiction
653 _aCastaways -- Fiction
700 1 _aVoionmaa, Eino,
_d1869-1947
830 0 _aProject Gutenberg
_v39059
856 4 0 _uhttp://www.gutenberg.org/ebooks/39059
942 _cEB
999 _c268312
_d268312